000 00461nam a2200157 4500
001 127817
003 ES-MaACL
007 t|
008 070214s1954 sp r ||||1| spa d
100 1 _aRivas Martín, Jesús.
_997580
245 1 3 _aLa antigua vida de Guillermo Jain
_b: novela /
_cJesús Rivas Martín.
260 _aMadrid :
_bAgemundo,
_c1954.
300 _a288 p. ;
_c20 cm.
700 1 _aVelas al viento.
_9113707
852 _aES-MaACL
_jC-8806
_bR.36114
999 _c127817
_d127817